[Event "15th Pan-American ch"]
[Site "Cali COL"]
[Date "2010.11.17"]
[Round "1"]
[White "Heredia Serrano, Carla"]
[Black "Arias, Lemnys Antonio"]
[Result "0-1"]
[WhiteElo "2087"]
[BlackElo "2352"]
[EventDate "2010.11.17"]
[PlyCount "112"]

1.e4 c5 2.Nf3 e6 3.d4 cxd4 4.Nxd4 a6 5.Nc3 b5 6.Bd3 d6 7.O-O Nf6 8.Qe2 Be7
9.Bd2 O-O 10.a4 b4 11.Na2 e5 12.Nf3 a5 13.c3 bxc3 14.Nxc3 Nbd7 15.Rfd1 Nc5
16.Be3 Nxd3 17.Qxd3 Ba6 18.Nb5 Rb8 19.Nh4 g6 20.Bh6 Re8 21.Nf5 Ng4 22.Qg3 
Bxb5 23.axb5 Nxh6 24.Nxh6+ Kg7 25.Nf5+ Kf8 26.Nxe7 Rxe7 27.Rd5 Kg7 28.Rad1
Qe8 29.Rxd6 Rxb5 30.h4 Re6 31.Rd8 Qe7 32.Ra8 Rd6 33.Rxd6 Qxd6 34.Qa3 Rb4 
35.Rxa5 Qd1+ 36.Kh2 Rxe4 37.Qg3 Qd4 38.Ra1 Rxh4+ 39.Kg1 Qxb2 40.Re1 Re4 
41.Rd1 Qe2 42.Rd5 Qe1+ 43.Kh2 Rf4 44.Qg5 Rf5 45.Qe3 Qxe3 46.fxe3 Kf6 47.
Kg3 h5 48.Ra5 Rg5+ 49.Kf2 Kf5 50.Ra7 f6 51.Kf3 Rg4 52.Rb7 Ra4 53.Rb3 h4 
54.Rc3 g5 55.Kf2 Ra2+ 56.Kg1 Kg4 0-1

[Event "15th Pan-American ch"]
[Site "Cali COL"]
[Date "2010.11.19"]
[Round "5"]
[White "Heredia Serrano, Carla"]
[Black "Suasnabar Faustor, Jesus"]
[Result "0-1"]
[WhiteElo "2087"]
[BlackElo "1967"]
[EventDate "2010.11.17"]
[PlyCount "44"]

1.e4 c5 2.Nf3 e6 3.d4 d5 4.Nbd2 Nc6 5.exd5 exd5 6.Bb5 Bd6 7.O-O Ne7 8.dxc5
Bxc5 9.h3 O-O 10.Nb3 Bb6 11.c3 Qd6 12.Bd3 Ng6 13.Re1 Bxh3 14.gxh3 Qg3+ 15.
Kh1 Bxf2 16.Bf1 Nh4 17.Nbd2 Rae8 18.Rxe8 Rxe8 19.b3 Re3 20.Ba3 Rxf3 21.
Nxf3 Nxf3 22.Qxf3 Qg1# 0-1